| 000 | 00531nam a2200169Ia 4500 | ||
|---|---|---|---|
| 003 | IN-BaIIA | ||
| 008 | 211028s9999 xx s 000 0 eng d | ||
| 020 | _a9780819428400 (Print) | ||
| 040 | _cIIA Library | ||
| 100 | _aSzu, Harold, ed. | ||
| 245 | 0 |
_aWavelet Applications V _h[eBook] |
|
| 260 |
_aWashington, USA _bSPIE _c1998 |
||
| 300 | _aOnline resource | ||
| 490 | _aProceedings of SPIE; V. 3391 | ||
| 856 |
_uhttps://www.spiedigitallibrary.org/conference-proceedings-of-spie/3391 _yClick Here to Access eBook |
||
| 942 | _cEB | ||
| 999 |
_c33764 _d33764 |
||